000
00357cam a2200157ua 4500
041
_a
eng
_h
082
_a
823.301
_b
WYA/MO
100
_a
Wyatt, H G .
245
_a
More stories from shakespere
250
_a
1 /
_b
.
260
_a
Calcutta :
_b
Oxford University Press ,
_c
1963.
300
_a
128 ; .
504
_a
942
_c
BK
999
_c
7671
_d
7671